000 00423cam a22001217a 4500
008 180718b1973 xxu||||| |||| 00| 0 eng d
082 _aA81x54 In2/71/21/Pt 2 B/1
100 _aCensus of India 1971
245 _aUttar Pradesh: economic tables (tables B-I, Part A and B-II)
260 _aDelhi
_bThe Manager of Publications
_c1973
300 _a459+p.
440 _aCensus of India 1971. Series-21, Uttar Pradesh. Part II-B (i)
999 _c485755
_d485755